000 01612nam2a2200289 4500
001 RU\NLR\BIBL_A\011524615
005 20260406072918.0
010 _a978-5-298-03449-4
_b2 т.
_92100
021 _aRU
_b2017-78913
_95630
035 _a(RuMoRGB)009425849
035 _a(NLR Aleph) 011524615
090 _a13415184
_c13415184
100 _a20171114d2017 |||y0rusy50 ca
101 0 _atat
_arus
102 _aRU
105 _ac z 000gy
200 1 _aШигырьләр, публицистик цикллар, поэмалар, робагыйлар
_dСтихи, публицистические циклы, поэмы, рубаи (1972-2016)
_zrus
210 _d2017
_aБ. м.
215 _a399 с.
_cпортр.
461 0 _1001RU\NLR\BIBL_A\011590264
_12001#$aСайланма әсәрләр$dИзбранные произведения$e[на татарском языке]$eбиш томда$fРәдиф Гаташ$g[редколлегия: Р. И. Вәлиев и др.]$zrus$vТ. 2
_1700#1$aГаташ$bР.$f1941-$gРәдиф$3RU\NLR\auth-onl\77671
_910834335
_aГаташ, Р. (1941-)
_cКазан
_d2017
_fРәдиф Гаташ
_lИзбранные произведения
_nТатар. кит. нәшр.
_o5 т.
_tСайланма әсәрләр
_y9785298034470
_vТ. 2
510 1 _6z20790
_aСтихи, публицистические циклы, поэмы, рубаи (1972-2016)
_zrus
790 1 _8rus
_7ca
_aГаташ
_bР.
_f1941-
_gРадиф
_3RU\NLR\auth-onl\77672
_9130728
852 _aNLR
_bОНЛ
_jТатар./3-15104
942 _cBOOK
980 _aNB